MAVİ YAKUT (Record no. 985854)
[ view plain ]
| 000 -LEADER | |
|---|---|
| sabit uzunluktaki kontrol alanı | 00238nam a2200097Ia 4500 |
| 001 - KONTROL NUMARASI | |
| kontrol alanı | 985854 |
| 005 - EN SON İŞLEMİN TARİH VE ZAMANI | |
| kontrol alanı | 20250826221050.0 |
| 008 - SABİT-UZUNLUKTA VERİ ÖĞELERİ--GENEL BİLGİ | |
| sabit uzunluktaki kontrol alanı | 250824s9999 xx 000 0 und d |
| 245 #0 - ESER / YAZAR | |
| ESER ADI | MAVİ YAKUT |
| Yazar Adı | ARTHUR CONAN DOYLE |
| 260 ## - YAYIN, DAĞITIM, VB. | |
| YAYIN EVİ | DOKUZ YAYINLARI |
| Düşüm durumu | Kayıp durumu | Hasar Durumu | Ödünç verilmez | Ana kütüphane | Geçerli Kütüphane | Edinilen tarih | Toplam ödünç verme sayısı | Barkod | Son görüntüleme tarihi | Fiyatın geçerli olmaya başladığı tarih | Koha materyal türü |
|---|---|---|---|---|---|---|---|---|---|---|---|
| ATATÜRK MESLEKİ VE TEKNİK ANADOLU LİSESİ | ATATÜRK MESLEKİ VE TEKNİK ANADOLU LİSESİ | 24.08.2025 | 10494708 | 26.08.2025 | 26.08.2025 | Books |